000 00712nam a2200217Ii 4500
003 JO-AjNU
008 230605s9999||||xx |||||||||||||| ||und||
040 _aJO-AjNU
_bara
_erda
_cJO-AjNU
041 _aara
050 1 4 _aQR360 .F3272 1986
100 3 _aعمر ، الفاضل العبيد,
_eauthor
_99280
245 0 0 _aمبادئ الفيروسات والفطريات الطيبية
250 _aط1
264 3 1 _aمكة:مكتبة الطالب الجامعي ، 1986
300 _a214ص
336 _atext
_btxt
_2rdacontent
337 _aunmediated
_bn
_2rdamedia
338 _avolume
_bnc
_2rdacarrier
490 0 _aالطالب الجامعي
650 4 _aالفيروسات - الفطريات
_99281
999 _aA1217
_c4785
_d4785